| 000 | 00695cam a22002531 4500 | ||
|---|---|---|---|
| 001 | sa 64006445 | ||
| 003 | DLC | ||
| 005 | 20260227112039.0 | ||
| 008 | 890417s1963 ii b 000 1 hino | ||
| 010 | _asa 64006445 | ||
| 035 | _a(OCoLC)19560055 | ||
| 040 |
_aDLC _cWaU _dDLC |
||
| 042 | _apremarc | ||
| 043 | _aa-ii--- | ||
| 050 | 0 | 0 |
_aPK2042 _b.T7 |
| 100 | 1 | _aTripāṭhī, Chavinātha. | |
| 245 | 1 | 0 | _aKahānī kalā aura Hindī kahāni-yoṃ kā vikāsa. |
| 260 | _c[1963] | ||
| 300 |
_axiv, 240, ii p. _c23 cm. |
||
| 500 | _aIn Hindi. | ||
| 504 | _aBibliography: p. [i]-ii (3d group) | ||
| 650 | 0 |
_aShort stories, Hindi _xHistory and criticism. |
|
| 650 | 0 |
_aFiction _xTechnique. |
|
| 999 |
_c59703 _d59703 |
||